Система АСКРО В Томской области для контроля радиационной обстановки; Ресурсосберегающие технологии в контроле, управлении качеством и безопасности

Opis bibliograficzny
Parent link:Ресурсосберегающие технологии в контроле, управлении качеством и безопасности.— 2023.— [С. 20-23]
1. autor: Бектенов Д. Е. Диас Елеубекулы
Korporacja: Национальный исследовательский Томский политехнический университет
Streszczenie:Заглавие с экрана
Данная статья направлена на изучение и анализ ГИС радиационной безопасности. На сегодняшний день АСКРО оборудовано новейшими приборами контроля за состоянием окружающей среды на территории мониторинга, в данной статье особое внимание будет уделено Томской области.
This article is aimed at the study and analysis of radiation safety GIS. To date, ARMS is equipped with the latest environmental monitoring devices in the monitoring area; in this article, special attention will be paid to the Tomsk region.
Język:rosyjski
Wydane: 2023
Hasła przedmiotowe:
Dostęp online:http://earchive.tpu.ru/handle/11683/74678
Format: MixedMaterials Elektroniczne Rozdział
KOHA link:https://koha.lib.tpu.ru/cgi-bin/koha/opac-detail.pl?biblionumber=635515

MARC

LEADER 00000naa2a2200000 4500
001 635515
005 20231102024810.0
035 |a (RuTPU)RU\TPU\conf\37369 
035 |a RU\TPU\conf\37368 
090 |a 635515 
100 |a 20230213d2023 k y0rusy50 ca 
101 0 |a rus  |d eng 
102 |a RU 
105 |a y z 101zy 
135 |a drcn ---uucaa 
181 0 |a i  
182 0 |a b 
200 1 |a Система АСКРО В Томской области для контроля радиационной обстановки  |d ARMS system in Tomsk region for radiation control  |f Д. Е. Бектенов 
203 |a Текст  |c электронный 
230 |a 1 компьютерный файл (pdf; 404 Kb) 
300 |a Заглавие с экрана 
320 |a [Библиогр.: с. 23 (3 назв.)] 
330 |a Данная статья направлена на изучение и анализ ГИС радиационной безопасности. На сегодняшний день АСКРО оборудовано новейшими приборами контроля за состоянием окружающей среды на территории мониторинга, в данной статье особое внимание будет уделено Томской области. 
330 |a This article is aimed at the study and analysis of radiation safety GIS. To date, ARMS is equipped with the latest environmental monitoring devices in the monitoring area; in this article, special attention will be paid to the Tomsk region. 
463 0 |0 (RuTPU)RU\TPU\conf\37367  |t Ресурсосберегающие технологии в контроле, управлении качеством и безопасности  |o сборник научных трудов XI Международной конференции школьников, студентов, аспирантов, молодых ученых "Ресурсоэффективные системы в управлении и контроле: взгляд в будущее", 08-10 ноября 2022 г., г. Томск  |f Национальный исследовательский Томский политехнический университет (ТПУ)  |v [С. 20-23]  |d 2023 
510 1 |a ARMS system in Tomsk region for radiation control  |z eng 
610 1 |a электронный ресурс 
610 1 |a труды учёных ТПУ 
610 1 |a мониторинг 
610 1 |a радиационная безопасность 
610 1 |a окружающая среда 
610 1 |a Томская область 
610 1 |a monitoring 
610 1 |a radiation safety 
610 1 |a environment 
700 1 |a Бектенов  |b Д. Е.  |g Диас Елеубекулы 
712 0 2 |a Национальный исследовательский Томский политехнический университет  |c (2009- )  |2 stltpush  |3 (RuTPU)RU\TPU\col\15902  |9 26305 
801 2 |a RU  |b 63413507  |c 20230221  |g RCR 
856 4 |u http://earchive.tpu.ru/handle/11683/74678 
942 |c BK